| 000 | 00486nam a2200169Ia 4500 | ||
|---|---|---|---|
| 008 | 230711s9999||||xx |||||||||||||| ||und|| | ||
| 020 | _a978-93-89188-88-2 | ||
| 041 | _aENG | ||
| 082 |
_a664.9 _bSH-M |
||
| 100 | _aSharma, BD | ||
| 245 | 0 |
_aMeat & Meat Products Technology _bIncluding Polutry Products Technology |
|
| 250 | _a2nd Ed. | ||
| 260 |
_c2020 _aNew Delhi _bJaypee Brothers Medical Publishers(P) Ltd |
||
| 300 | _a145p. | ||
| 650 | _aFood Science and Technology | ||
| 942 | _cBK | ||
| 999 |
_c7496 _d7496 |
||